1994 peanut crop and outlook for the peanut program : hearing before the Subcommittee on Specialty Crops and Natural Resources of the Committee on Agriculture, House of Representatives, One Hundred Third Congress, second session, July 18, 1994, Headland, Alabama.

Bibliographic Details
Corporate Authors: United States. Congress. House. Committee on Agriculture. Subcommittee on Specialty Crops and Natural Resources, ProQuest (Firm)
Format: Government Document eBook
Language:English
Published: Washington : U.S. G.P.O. : 1995.
Series:U.S. Congressional Hearings.
Subjects:
Online Access:Connect to the full text of this electronic book

MARC

Tag First Indicator Second Indicator Subfields
LEADER 00000cam a22000001a 4500
001 in00003253003
006 m d f
007 cr bn mmmapmmp
008 091024s1995 dcu o f000 0 eng d
005 20260511194630.4
035 |a cis2007464389 
040 |a UMI  |c UMI  |d UtOrBLW 
043 |a n-us--- 
074 |a 1010-A 
074 |a 1010-B (MF) 
086 0 |a Y 4.AG 8/1:103-90 
088 |a Serial no. 103-90 (United States. Congress. House. Committee on Agriculture) 
099 |a HRG-1994-HAG-0028 
110 1 |a United States.  |b Congress.  |b House.  |b Committee on Agriculture.  |b Subcommittee on Specialty Crops and Natural Resources. 
245 1 0 |a 1994 peanut crop and outlook for the peanut program :  |b hearing before the Subcommittee on Specialty Crops and Natural Resources of the Committee on Agriculture, House of Representatives, One Hundred Third Congress, second session, July 18, 1994, Headland, Alabama. 
264 1 |a Washington :  |b U.S. G.P.O. :  |c 1995. 
264 2 |a Washington :  |b For sale by the U.S. G.P.O., Supt. of Docs., Congressional Sales Office, 
300 |a 1 online resource. 
336 |a text  |b txt  |2 rdacontent 
337 |a computer  |b c  |2 rdamedia 
338 |a online resource  |b cr  |2 rdacarrier 
500 |a Record is based on bibliographic data in ProQuest Congressional Hearings Digital Collection. Reuse except for individual research requires license from ProQuest, LLC. 
538 |a System requirements: PDF reader software. 
500 |a Electronic resource. 
650 0 |a Peanut industry  |z United States. 
650 0 |a Peanuts  |x Economic aspects  |z United States. 
655 7 |a Electronic books.  |2 local 
710 2 |a ProQuest (Firm) 
776 0 8 |i Print version:  |a United States. Congress. House. Committee on Agriculture. Subcommittee on Specialty Crops and Natural Resources.  |t 1994 peanut crop and outlook for the peanut program  |w (OCoLC)32191752  |w (DGPO)95068627 
776 0 8 |i Microfiche version:  |a United States. Congress. House. Committee on Agriculture. Subcommittee on Specialty Crops and Natural Resources.  |t 1994 peanut crop and outlook for the peanut program .  |d [Bethesda, Md.] : ProQuest,[2004]  |o CIS 95 H161-22  |w (ProQuest)cis09500019 
830 0 |a U.S. Congressional Hearings. 
856 4 0 |u http://proxy.library.tamu.edu/login?url=https://congressional.proquest.com/congcomp/getdoc?HEARING-ID=HRG-1994-HAG-0028  |z Connect to the full text of this electronic book  |t 0 
998 |a cis09500019 
999 |a MARS 
999 f f |s 8a43fc50-eeeb-3904-ae1b-7ab0e553da9a  |i 7ef02006-8640-32b3-89ee-af1bca7fc5bb  |t 0 
952 f f |a Texas A&M University  |b College Station  |c Electronic Resources  |s www_evans  |d Available Online  |t 0  |e HRG-1994-HAG-0028  |h Other scheme 
998 f f |a HRG-1994-HAG-0028  |t 0  |l Available Online